Advance in space science and technology (Record no. 3149)
[ view plain ]
| 000 -LEADER | |
|---|---|
| fixed length control field | 00582nam a2200193Ia 4500 |
| 003 - CONTROL NUMBER IDENTIFIER | |
| control field | IN-BaIIA |
| 005 - DATE AND TIME OF LATEST TRANSACTION | |
| control field | 20250709135502.0 |
| 008 - FIXED-LENGTH DATA ELEMENTS--GENERAL INFORMATION | |
| fixed length control field | 211028s9999 xx 000 0 eng d |
| 040 ## - CATALOGING SOURCE | |
| Transcribing agency | IIA Library |
| 080 ## - UNIVERSAL DECIMAL CLASSIFICATION NUMBER | |
| Universal Decimal Classification number | 629.19(047.1) |
| Item number | ASS-5 |
| 100 ## - MAIN ENTRY--PERSONAL NAME | |
| Personal name | Ordway III, Frederick I. |
| 9 (RLIN) | 5588 |
| 245 #0 - TITLE STATEMENT | |
| Title | Advance in space science and technology |
| Remainder of title | vol. 5 |
| Statement of responsibility, etc. | Frederick I. Ordway III |
| 260 ## - PUBLICATION, DISTRIBUTION, ETC. | |
| Place of publication, distribution, etc. | New York |
| Name of publisher, distributor, etc. | Academic Press |
| Date of publication, distribution, etc. | 1963 |
| 300 ## - PHYSICAL DESCRIPTION | |
| Extent | xiii, 334p. |
| 650 ## - SUBJECT ADDED ENTRY--TOPICAL TERM | |
| Topical term or geographic name entry element | Astronomy and Astrophysics Thesaurus |
| 650 ## - SUBJECT ADDED ENTRY--TOPICAL TERM | |
| Topical term or geographic name entry element | Space Science |
| 650 ## - SUBJECT ADDED ENTRY--TOPICAL TERM | |
| Topical term or geographic name entry element | Space Technology |
| 9 (RLIN) | 3746 |
| 942 ## - ADDED ENTRY ELEMENTS (KOHA) | |
| Koha item type | Books |
| Source of classification or shelving scheme | Dewey Decimal Classification |
| Withdrawn status | Lost status | Source of classification or shelving scheme | Damaged status | Not for loan | Home library | Current library | Shelving location | Date acquired | Cost, normal purchase price | Total Checkouts | Full call number | Barcode | Date last seen | Cost, replacement price | Price effective from | Koha item type | Purchase Price |
|---|---|---|---|---|---|---|---|---|---|---|---|---|---|---|---|---|---|
| Dewey Decimal Classification | IIA Library-Bangalore | IIA Library-Kodaikanal | General Stacks | 18/12/1968 | 108.00 | 629.19(047.1)/ ASS-5 | 3501 | 05/11/2021 | 108.00 | 18/12/1968 | Books | Rs. 108.00 |